000 00696cam a22002054a 4500
001 12951586
005 20241213125428.0
008 020930s2003 enka b 001 0 eng
020 _a9780130451422
050 0 0 _aQH506
_b.P73 2003
082 0 0 _a572.8
_221
245 0 0 _aPractical skills in biomolecular sciences /
_cRob Reed ... [et al.].
250 _a2nd ed.
260 _aHarlow, England ;
_aNew York :
_bPearson/Prentice Hall,
_c2003.
300 _axiv, 538 p. :
_bill. ;
_c27 cm.
650 0 _aMolecular biology
_vLaboratory manuals.
700 1 _aReed, Robert
_q(Robert H.)
856 4 1 _3Table of contents
_uhttp://www.loc.gov/catdir/toc/fy041/2002035564.html
942 _2lcc
_cBK
_e2nd ed.
_n0
999 _c2146
_d2146